000 00495nam a2200181Ia 4500
008 140626s9999 xx 000 0 und d
100 _aHoop, Honey.
245 _aTourist information /
_cHoney Hoop ... [et al.].
260 _cc.
300 _a : , page 80
440 _aYour Guide to Boracay Philippines
521 _aTOU
650 _aHospitals.
650 _aSecurity and emergency contacts.
650 _aTourist assistance.
650 _aTravel and tours agencies.
942 _cSE
999 _c121126
_d121126